[Event "BCF-ch U150 103rd"]
[Site "Bournemouth"]
[Date "2016.07.30"]
[Round "3.17"]
[White "Stone, Mark R"]
[Black "Ritchie, Paul"]
[Result "1-0"]
[WhiteElo "1607"]
[BlackElo "1497"]
[PlyCount "48"]
[EventDate "2016.07.29"]
[EventType "swiss"]
[EventRounds "5"]
[EventCountry "ENG"]
[SourceTitle "EXT 2023"]
[Source "ChessBase"]
[SourceDate "2022.10.05"]
[SourceVersion "1"]
[SourceVersionDate "2022.10.05"]
[SourceQuality "1"]

1. e4 e5 2. Nf3 Nf6 3. Nxe5 d6 4. Nf3 Nxe4 5. d4 d5 6. Bd3 Bd6 7. 0-0 0-0 8. Re1 Re8 9. c4 c6 10. Nc3 f5 11. cxd5 cxd5 12. h3 Bb4 13. Bd2 Nc6 14. a3 Nxd2 15. Qxd2 Rxe1+ 16. Rxe1 Bf8 17. Bb1 b6 18. Qe3 g6 19. Ba2 Ne7 20. Qe5 Bb7 21. Qe6+ Kg7 22. Ng5 Rc8 23. Qe5+ Kh6 24. f4 Rxc3 1-0

[Event "London op Congress August U1900"]
[Site "London"]
[Date "2013.08.24"]
[Round "1"]
[White "Ritchie, Paul"]
[Black "Gardner, Phillip K"]
[Result "0-1"]
[WhiteElo "1490"]
[BlackElo "1785"]
[PlyCount "46"]
[EventDate "2013.08.24"]
[EventType "swiss"]
[EventRounds "6"]
[EventCountry "ENG"]
[SourceTitle "EXT 2023"]
[Source "ChessBase"]
[SourceDate "2022.10.05"]
[SourceVersion "1"]
[SourceVersionDate "2022.10.05"]
[SourceQuality "1"]

1. e4 c5 2. Nf3 d6 3. d4 cxd4 4. Nxd4 Nf6 5. Nc3 a6 6. Bg5 e6 7. f4 Nc6 8. Qd2 Be7 9. 0-0-0 Nxd4 10. Qxd4 b5 11. a3 Bb7 12. Bd3 h6 13. Bh4 0-0 14. Rhe1 Rc8 15. Qg1 Qa5 16. Bf2 Nd7 17. g4 Rxc3 18. bxc3 Bf6 19. e5 dxe5 20. fxe5 Qxa3+ 21. Kd2 Nxe5 22. Be2 Rd8+ 23. Bd4 Bg5+ 0-1

[Event "Hampstead op U2200 04"]
[Site "Hampstead"]
[Date "2013.04.20"]
[Round "1"]
[White "Moss, Guy"]
[Black "Ritchie, Paul"]
[Result "1-0"]
[WhiteElo "1975"]
[BlackElo "1586"]
[PlyCount "85"]
[EventDate "2013.04.20"]
[EventType "swiss"]
[EventRounds "5"]
[EventCountry "ENG"]
[SourceTitle "EXT 2014"]
[Source "ChessBase"]
[SourceDate "2013.11.20"]
[SourceVersion "1"]
[SourceVersionDate "2013.11.20"]
[SourceQuality "1"]

1. e4 d5 2. exd5 Nf6 3. Nf3 Nxd5 4. d4 Bg4 5. Be2 g6 6. 0-0 Bg7 7. c4 Nb6 8. Nc3 0-0 9. Be3 Nc6 10. Qb3 Na5 11. Qb5 Nc6 12. c5 Nd5 13. Qxb7 Nxe3 14. fxe3 Bd7 15. Qb3 Rb8 16. Qc2 Bf5 17. Qd2 Nb4 18. e4 Bg4 19. d5 c6 20. a3 Bxf3 21. gxf3 Nc2 22. Qxc2 Bd4+ 23. Kh1 cxd5 24. Rad1 e5 25. Nb5 Be3 26. Rxd5 Qg5 27. c6 Qh4 28. Nd6 Bf4 29. Ba6 Rb6 30. c7 Rxa6 31. c8Q Rc6 32. Q8xc6 Qh3 33. Qg2 Qe6 34. Qc5 Rb8 35. Nc4 Kg7 36. Qd6 Qc8 37. Nxe5 Qe8 38. Qd7 Qf8 39. Qxf7+ Qxf7 40. Nxf7 Kxf7 41. Rd7+ Kf6 42. Qg4 Rxb2 43. Qxf4+ 1-0